000 01372nam a22003737a 4500
003 CHAP
005 20220329143315.0
008 080423s2007 mx a r 00010 spa d
010 _a94742
011 _a95714
035 _a106343
040 _cCHAP
090 _aTesis
100 1 _aSánchez Aragón, José Luis.
_9107327
245 1 0 _aAceites vegetales contra el gorgojo del maíz
_c/por José Luis Sánchez Aragón
260 _aCocula, Gro. :
_bEl autor,
_c2007
300 _a64 h. :
_bilus., gráfs., cuadros
502 _aTesis (Ing. Agr. Fitotecnista) -- Colegio Superior Agropecuario del Estado de Guerrero. Centro de Estudios Profesionales
590 _aALEPH
_b10
_c20130110
_lUCH01
_h1522
590 _aBATCH-UPD
_b10
_c20130110
_lUCH01
_h1631
590 _aBATCH-UPD
_b10
_c20130410
_lUCH01
_h1023
590 _aBATCH-UPD
_b10
_c20130913
_lUCH01
_h1859
590 _aCONVERSION
_b10
_c20130109
_lUCH01
_h1352
650 1 4 _aAceites vegetales.
_9457
650 1 4 _aControl de plagas.
_927595
650 1 4 _aInsecticidas.
_958855
650 1 4 _aMaíz
_xAlmacenamiento
_xPlagas.
_970854
650 1 4 _aMaíz
_xPlagas.
_971034
650 1 4 _aSitophilus zeamais.
_9106790
901 _aBK
942 _cFOLL
949 _atesis
_bBC
_cTES
_d33724002041371
_eTS2
_fc.2
_gDonaciØn
_h47627
_i106343
_sb
949 _atesis
_bBC
_cTES
_d33724002043629
_eTS1
_gDonaciØn
_h47256
_i106343
_sb
999 _c94742
_d94742